Bloc de notes corporatiu DIN A4 de la Diputació de Barcelona
Descripción Física:
50 pàgines no numerades ; 30 cm
Materias:
Llibres en blanc
Idioma:
Catalán
MARC
| LEADER | 00000nam a2200000 a 4500 | ||
|---|---|---|---|
| 001 | 26241 | ||
| 008 | 220712b spa||||| |||| 00| 0 cat d | ||
| 080 | |a NBM-14-56 | ||
| 245 | |a Bloc de notes corporatiu DIN A4 de la Diputació de Barcelona | ||
| 260 | |a Barcelona : |b Diputació de Barcelona, |c 2014 | ||
| 300 | |a 50 pàgines no numerades ; |c 30 cm | ||
| 500 | |a Inclou segell commemoratiu de la Mancomunitat de Catalunya | ||
| 500 | |a Títol facilitat pel catalogador | ||
| 650 | 0 | |9 53147 |a Llibres en blanc | |
| 710 | 1 | |a Barcelona (Catalunya : Província). |b Diputació |9 52408 | |
| 710 | 2 | |9 53015 |a Catalunya. |b Mancomunitat | |
| 942 | |2 udc |c ARXIU |n 1 | ||
| 952 | |0 0 |1 0 |4 0 |6 NBM1456 |7 1 |9 62775 |a Arxiu |b Arxiu |d 2022-07-12 |l 0 |o NBM-14-56 |p 26241 |r 2022-07-12 00:00:00 |w 2022-07-12 |y ARXIU | ||
| 999 | |c 82275 |d 82275 | ||